000
00351pab a2200157 454500
008
180718b2001 xxu||||| |||| 00| 0 eng d
100
_a
Nehru, Arun
245
_a
Lessons of assembly elections
260
_c
2001
300
_a
p.6
362
_a
15 Jan
650
_a
Elections - India
650
_a
Elections
773
_a
Pioneer
909
_a
48706
999
_c
48706
_d
48706